000
00335pam a2200157a 44500
008
230515b1984 xxu||||| |||| 00| 0 eng d
020
_a
NULL
041
_a
ENGL
082
_a
COT
100
_a
H.COTTON
245
_a
ELECTRICAL TECHNOLOGY 7TH
250
_a
7
260
_a
NULL
_b
C.B.S
_c
1984
300
_a
864 PB
650
_a
NULL
999
_c
658745
_d
658745